000 01103nam a22003618i 4500
999 _c847
_d847
001 020773618
003 UkOxU
005 20191223141402.0
008 161013s2017 enka j 001|0|eng|d
015 _aGBB6J8097
_2bnb
016 7 _a018131905
_2Uk
020 _a9781407167008 (pbk.) :
035 _a(Uk)018131905
035 _a(StEdALDL)1/3521560
040 _aStDuBDS
_beng
_erda
_cStDuBDS
049 _aCROBAR
082 0 4 _a909 DEA
_223
100 1 _aDeary, Terry,
_eauthor.
245 1 0 _aBarmy British Empire /
_cTerry Deary ; illustrated by Martin Brown.
263 _a201702
264 1 _aLondon :
_bScholastic,
_c2017.
300 _a1 volume ; 139 p. :
_billustrations (black and white) ;
_c20 cm.
336 _atext
_2rdacontent
336 _astill image
_2rdacontent
337 _aunmediated
_2rdamedia
338 _avolume
_2rdacarrier
490 0 _aHorrible histories
500 _aPrevious edition: 2015.
500 _aIncludes index.
651 0 _aGreat Britain
_xColonies
_xHistory
_vJuvenile literature.
700 1 0 _aBrown, Martin,
_d1959-
_eillustrator.
942 _2ddc
_cNFIC